Future power

Bibliographic Details
Main Author: Parker, Steve
Format: Book
Published: London : David West Children's Books , 2003
Series:Green files
Subjects:

MARC

LEADER 00000cam a2200000 7i4500
001 0000001505
005 20151222.0
008 070705
020 |a 0431182906 
090 0 0 |a JF   |b GEO ENG (1100) 
100 1 |a Parker, Steve 
245 1 0 |a Future power   |c Steve Parker 
260 |a London :   |b David West Children's Books ,   |c 2003 
440 |a Green files 
500 |a Children ages 7-9 years old (orange) 
650 0 |a Wildlife conservation   |x Juvenile literature 
999 |a 0000954922   |b Book   |c Adult Collection   |e Cawangan Pontian 
999 |a 0000954923   |b Book   |c Children Collection   |e Cawangan Mersing 
999 |a 0000990577   |b Book   |c Children Collection   |e Perbadanan Perpustakaan Awam Johor 
999 |a 0000990579   |b Book   |c Children Collection   |e Perbadanan Perpustakaan Awam Johor 
999 |a 0000990580   |b Book   |c Children Collection   |e Perbadanan Perpustakaan Awam Johor